| 000 | 00771nam a22001577a 4500 | ||
|---|---|---|---|
| 003 | OSt | ||
| 005 | 20151111143740.0 | ||
| 008 | 151111b xxu||||| |||| 00| 0 eng d | ||
| 040 | _cRUA | ||
| 082 | _aFOR IN 2006 B132 Or.1 | ||
| 100 |
_93557 _aIN, SOPHEAK. |
||
| 245 | _aContribution of yoshimura kiln to household's income in community forestry in leay bo commune tram kok district takeo province, វិភាគទានធ្យូងយូស៊ីមូរ៉ា លើប្រាក់ចំណូលប្រជាជនក្នុងសហគមន៏ព្រៃឈើ ឃុំលាយបូរ ស្រុកត្រាំកក់ ខេត្តតាកែវ | ||
| 260 |
_aPhnom Penh _bRUA _c2006 |
||
| 300 |
_aix; 43p. _bill. _c29cm. |
||
| 942 |
_2ddc _cFOR |
||
| 999 |
_c3312 _d3312 |
||